Thực nghiệm một số biện pháp khắc phục tình trạng biếng ăn tâm lí của trẻ từ 1 đến 3 tuổi tại Thành phố Hồ Chí Minh /

Wedi'i Gadw mewn:
Manylion Llyfryddiaeth
Prif Awdur: Huỳnh Văn Sơn.
Fformat: Erthygl
Iaith:Vietnamese
Pynciau:
Tagiau: Ychwanegu Tag
Dim Tagiau, Byddwch y cyntaf i dagio'r cofnod hwn!
Thư viện lưu trữ: Thư viện Trường Đại học Đà Lạt
LEADER 00962nam a2200253 4500
001 DLU170180304
005 ##20170718
040 # # |a DLU  |b vie 
041 # # |a vie 
044 # # |a vn 
100 # # |a Huỳnh Văn Sơn. 
245 # # |a Thực nghiệm một số biện pháp khắc phục tình trạng biếng ăn tâm lí của trẻ từ 1 đến 3 tuổi tại Thành phố Hồ Chí Minh /  |c Huỳnh Văn Sơn. 
653 # # |a Biếng ăn tâm lí 
653 # # |a Khắc phục tình trạng biếng ăn  
653 # # |a Trẻ từ 1 đến 3 tuổi  
773 # # |t Tạp chí Khoa học Đại học Sư phạm TP. Hồ Chí Minh: Khoa học xã hội và nhân văn   |g Số 41(75), 2012, tr. 50-60 
920 # # |a Phòng Tạp chí -- Trung tâm Thông tin - Thư viện Trường Đại học Đà Lạt 
900 # # |a True 
911 # # |a Nguyễn Thị Thu Phương 
925 # # |a G 
926 # # |a A 
927 # # |a BB 
980 # # |a Thư viện Trường Đại học Đà Lạt